| 000 | 00854nam a2200289 a 4500 | ||
|---|---|---|---|
| 001 | 000115607 | ||
| 003 | CHAP | ||
| 005 | 20220329144541.0 | ||
| 008 | 190613s2004 ag a |r| ||||||spa d | ||
| 010 | _a112068 | ||
| 011 | _a113040 | ||
| 020 | _a9789507541063 | ||
| 040 | _cCHAP | ||
| 082 | 0 | 4 |
_a639.75 _bG11 |
| 100 | 1 |
_aGabetta, José. _9136033 |
|
| 245 | 1 | 0 |
_aLombricultura rentable : _bmanual teórico-práctico para la cría comercial de lombrices / _cpor José Gabetta. |
| 260 |
_aBuenos Aires, : _bContinente, _c2004. |
||
| 300 |
_a126 p. : _bil. |
||
| 590 |
_aBATCH-UPD _b05 _c20190613 _lUCH01 _h1059 |
||
| 590 |
_aE5765TAJ _b05 _c20190613 _lUCH01 _h1058 |
||
| 590 |
_aE5765TAJ _b05 _c20190613 _lUCH01 _h1230 |
||
| 650 | 1 | 4 |
_aLombrices como compost. _967519 |
| 650 | 1 | 4 |
_aLombricultura. _9124769 |
| 901 | _aBK | ||
| 942 | _cLIBRO | ||
| 942 | _n0 | ||
| 999 |
_c112068 _d112068 |
||